000 00768nam a22002537a 4500
999 _c385892
_d385892
001 99702
003 UA-OsUOA
005 20200417131015.0
007 ta
008 20130514b un ||||| |||| 00| 0 ukr d
020 _a978-617-592-096-1
040 _aUA-OsUOA
_bukr
_cUA-OsUOA
_dUA-OsUOA
041 _aukr
080 _a821.161.2
090 _a821.161.2
_bК55
100 _aКобилянська О.
245 _aОповідання
_cО. Кобилянська
260 _aК.
_bНаціональний книжковий проект
_c2011
300 _a208 с.
650 7 _a82 Література. Літературознавство
_2UDC
942 _cBK
_2udc
955 _a3